书目信息 |
| 题名: |
古来冤案知多少
|
|
| 作者: | 史式 著 | |
| 分册: | ||
| 出版信息: | 重庆 重庆出版社 2004 |
|
| 页数: | 239,4页 | |
| 开本: | 20cm | |
| 丛书名: | “史式谈史”丛书 | |
| 单 册: | ||
| 中图分类: | K205 | |
| 科图分类: | ||
| 主题词: | 历史事件--中国--汉代~清代 , 中国--通史 | |
| 电子资源: | ||
| ISBN: | 7-5366-6575-X | |
| 000 | 00877oam2 2200277 45 | |
| 001 | 060000011743 | |
| 005 | 20051220172757.34 | |
| 010 | @a7-5366-6575-X@dCNY15.00 | |
| 092 | @aCN | |
| 100 | @a20041105d2004 ekmy0chiy0120 ea | |
| 101 | 0 | @achi |
| 102 | @aCN@b500000 | |
| 105 | @ay z 000yy | |
| 200 | 1 | @a古来冤案知多少@9gu lai yuan an zhi duo shao@f史式著@Fshi shi zhu |
| 210 | @a重庆@c重庆出版社@d2004 | |
| 215 | @a239,4页@c图版@d20cm | |
| 225 | 2 | @a“史式谈史”丛书@v2 |
| 330 | @a本书内设有“古来冤案知多少”、“兔死狗烹谈韩信”、“苏东坡的乌台诗案”、“揭开岳飞冤案的内幕”、“功成祸至说于谦”等十一个专题的内容。 | |
| 461 | 0 | @12001 @a“史式谈史”丛书 |
| 606 | 0 | @a历史事件@y中国@z汉代~清代 |
| 606 | 0 | @a中国@x通史 |
| 690 | @aK205@v4 | |
| 701 | 0 | @a史式@Ashi shi@4著 |
| 801 | 0 | @aCN@bCXYBOOK@c20051220 |
| 905 | @a10447@dK205@e4 | |
| 999 | @aLLW@eDF | |
| 古来冤案知多少/史式著.-重庆:重庆出版社,2004 |
| 239,4页:图版;20cm.-(“史式谈史”丛书;2 ) |
| ISBN 7-5366-6575-X:CNY15.00 |
| 本书内设有“古来冤案知多少”、“兔死狗烹谈韩信”、“苏东坡的乌台诗案”、“揭开岳飞冤案的内幕”、“功成祸至说于谦”等十一个专题的内容。 |
| ● |
| 相关链接 |
|
|
|
|
正题名:古来冤案知多少
索取号:K205/4
 
预约/预借
| 序号 | 登录号 | 条形码 | 馆藏地/架位号 | 状态 | 备注 |
| 1 | 0372122 | 203721222 | 第二样本阅览室/ [索取号:K205/4] | 在馆 | |
| 2 | 0372123 | 203721231 | 第二借阅区/ [索取号:K205/4] | 在馆 | |
| 3 | 0372124 | 203721240 | 第二借阅区/ [索取号:K205/4] | 在馆 | |
| 4 | 0372125 | 203721259 | 第二借阅区/ [索取号:K205/4] | 在馆 |